<?xml version="1.0" encoding="UTF-8"?><?xml-stylesheet type="text/xsl" href="static/style.xsl"?><OAI-PMH xmlns="http://www.openarchives.org/OAI/2.0/" xmlns:xsi="http://www.w3.org/2001/XMLSchema-instance" xsi:schemaLocation="http://www.openarchives.org/OAI/2.0/ http://www.openarchives.org/OAI/2.0/OAI-PMH.xsd"><responseDate>2026-04-28T22:11:23Z</responseDate><request verb="GetRecord" identifier="oai:riubu.ubu.es:10259/5299" metadataPrefix="marc">https://riubu.ubu.es/oai/request</request><GetRecord><record><header><identifier>oai:riubu.ubu.es:10259/5299</identifier><datestamp>2022-04-06T13:11:39Z</datestamp><setSpec>com_10259_4292</setSpec><setSpec>com_10259_5086</setSpec><setSpec>com_10259_2604</setSpec><setSpec>com_10259.4_2516</setSpec><setSpec>col_10259_4293</setSpec><setSpec>col_10259.4_2517</setSpec></header><metadata><record xmlns="http://www.loc.gov/MARC21/slim" xmlns:doc="http://www.lyncode.com/xoai" xmlns:xsi="http://www.w3.org/2001/XMLSchema-instance" xmlns:dcterms="http://purl.org/dc/terms/" xsi:schemaLocation="http://www.loc.gov/MARC21/slim http://www.loc.gov/standards/marcxml/schema/MARC21slim.xsd">
<leader>00925njm 22002777a 4500</leader>
<datafield tag="042" ind1=" " ind2=" ">
<subfield code="a">dc</subfield>
</datafield>
<datafield tag="720" ind1=" " ind2=" ">
<subfield code="a">Gerardi, Gisela</subfield>
<subfield code="e">author</subfield>
</datafield>
<datafield tag="720" ind1=" " ind2=" ">
<subfield code="a">Cavia Saiz, Mónica</subfield>
<subfield code="e">author</subfield>
</datafield>
<datafield tag="720" ind1=" " ind2=" ">
<subfield code="a">Pino García, Raquel del</subfield>
<subfield code="e">author</subfield>
</datafield>
<datafield tag="720" ind1=" " ind2=" ">
<subfield code="a">Rivero Pérez, Maria Dolores</subfield>
<subfield code="e">author</subfield>
</datafield>
<datafield tag="720" ind1=" " ind2=" ">
<subfield code="a">González San José, Mª Luisa</subfield>
<subfield code="e">author</subfield>
</datafield>
<datafield tag="720" ind1=" " ind2=" ">
<subfield code="a">Muñiz Rodríguez, Pilar</subfield>
<subfield code="e">author</subfield>
</datafield>
<datafield tag="260" ind1=" " ind2=" ">
<subfield code="c">2020-03</subfield>
</datafield>
<datafield tag="520" ind1=" " ind2=" ">
<subfield code="a">Vascular remodeling in hypertension and diabetes is characterized by a low-grade inflammation of the arterial wall and enhanced oxidative stress. Wine pomace products attenuate hyperglycemia and hypertension through reduction of oxidative stress and inflammation by their polyphenol composition. The aim of the study was to assess the influence of the wine pomace product (WP) on morphometric parameters of the arterial wall in spontaneously hypertensive rats (SHRs) and streptozotocin-diabetic rats (STZ). Oxidative stress was also evaluated by determination of radical oxygen species (ROS) and endothelial nitric oxide synthase (eNOS) activation in thoracic aortas. Wine pomace reduces wall aortic thickness, cross sectional area and wall/lumen ratio, and decreases ROS and increases eNOS activation. In summary, the supplementation of hypertensive or diabetic rats with the wine pomace product exhibits a protective role against the endothelial dysfunction and vascular remodeling.</subfield>
</datafield>
<datafield tag="024" ind2=" " ind1="8">
<subfield code="a">1756-4646</subfield>
</datafield>
<datafield tag="024" ind2=" " ind1="8">
<subfield code="a">http://hdl.handle.net/10259/5299</subfield>
</datafield>
<datafield tag="024" ind2=" " ind1="8">
<subfield code="a">10.1016/j.jff.2020.103794</subfield>
</datafield>
<datafield ind1=" " ind2=" " tag="653">
<subfield code="a">Aorta</subfield>
</datafield>
<datafield ind1=" " ind2=" " tag="653">
<subfield code="a">Diabetes</subfield>
</datafield>
<datafield ind1=" " ind2=" " tag="653">
<subfield code="a">Hypertension</subfield>
</datafield>
<datafield ind1=" " ind2=" " tag="653">
<subfield code="a">Vascular remodeling</subfield>
</datafield>
<datafield ind1=" " ind2=" " tag="653">
<subfield code="a">eNOS</subfield>
</datafield>
<datafield ind1=" " ind2=" " tag="653">
<subfield code="a">Wine pomace product</subfield>
</datafield>
<datafield tag="245" ind1="0" ind2="0">
<subfield code="a">Wine pomace product ameliorates hypertensive and diabetic aorta vascular remodeling through antioxidant and anti-inflammatory actions</subfield>
</datafield>
</record></metadata></record></GetRecord></OAI-PMH>